|
|
|
|
| LEADER |
00000nab a2200000 a 4500 |
| 001 |
vtls000509549 |
| 003 |
SK-MaSNL |
| 005 |
20260303003441.0 |
| 008 |
120927c1994 xo 0 slo |
| 015 |
|
|
|a SNBRB19rr/mm-uuuuu
|
| 035 |
|
|
|a CL0509687
|
| 040 |
|
|
|a SNKBUCL
|b slo
|c SNKBUCL
|e AACR2
|
| 041 |
0 |
|
|a slo
|
| 044 |
|
|
|a xo
|c SK
|
| 080 |
|
|
|a 78.071.2:792.5
|2 1981
|
| 080 |
|
|
|a 792.5
|2 1981
|
| 100 |
1 |
|
|a Ursínyová, Terézia,
|d 1942-
|4 aut
|9 103725
|
| 245 |
1 |
0 |
|a Ďalšia hviezda zo Slovenska
|b Sopranistka medzinárodného ohlasu - Ľubica Orgonášová
|c Terézia Ursínyová
|
| 300 |
|
|
|b Fotogr. 1
|
| 600 |
1 |
7 |
|a Orgonášová, Ľubica,
|d 1956-
|2 snkbucl
|9 125610
|
| 655 |
|
7 |
|a články z novín a časopisov
|2 snkbucl
|9 267496
|
| 773 |
0 |
|
|t Práca
|g Roč. 49, č. 26 (2. 2. 1994), s. 5
|
| 850 |
|
|
|a Slovenská národná knižnica v Martine
|a MTA001
|
| 852 |
|
|
|a SNK
|b KIS3GCP
|
| 958 |
|
|
|a RK
|
| 992 |
|
|
|a RBX
|
| 999 |
|
|
|c 1572821
|d 1574751
|